| 000 | 00750nam a2200241 a 4500 | ||
|---|---|---|---|
| 008 | |||
| 020 | _a0582988950 (pbk.) | ||
| 049 | _aMAIN | ||
| 090 |
_aQA911 _bREC |
||
| 245 | 1 | 0 |
_aRecent developments in structured continua / _cedited by D. De Kee & P. N. Kaloni. |
| 260 |
_aNew York : _bLongman Scientific and Technical, _c1986. |
||
| 300 |
_a283 p. : _bill. ; _c25 cm. |
||
| 440 | _aPitman Research Notes in Mathematics Series. | ||
| 504 | _aIncludes bibliographical references. | ||
| 500 | _aIncludes index. | ||
| 700 | _aKaloni, P.N. | ||
| 700 | _aKee, D. De. | ||
| 907 |
_a.b10177644 _b19-02-13 _c29-09-05 |
||
| 003 | |||
| 005 | 20230123134119.0 | ||
| 040 | _cNUST | ||
| 942 |
_cBOOKS _kQA911 _mREC |
||
| 999 |
_c160264 _d160264 |
||